02046naa a2200241 a 450000100080000000500110000800800410001910000220006024501080008226000090019052013050019965300110150465300400151565300210155565300200157670000200159670000270161670000200164370000170166370000160168070000180169677300900171410765632011-05-18 2009 bl uuuu u00u1 u #d1 aPEDROSO, P. M. O. aIntoxica????o natural e experimental por Nerium oleander (Apocynaceae) em bovinos no Rio Grande do Sul. c2009 aDescreve-se a intoxica????o natural e experimental por Nerium oleander em bovinos no Rio Grande do Sul, Brasil. Dois de oito bovinos morreram subitamente ap??s consumirem folhas de galhos de N. oleander que haviam sido podados e jogados no piquete onde os animais eram mantidos. N??o foram observados sinais cl??nicos em uma vaca, mas um terneiro de 4 meses de idade apresentou dec??bito lateral, movimentos de pedalagem, vocaliza????o e morte. As altera????es macrosc??picas mais importantes observadas na vaca morta naturalmente e em duas novilhas intoxicadas experimentalmente ocorreram no cora????o que apresentava pet??quias e equimoses no ??trio esquerdo, co??gulos e hemorragias no endoc??rdio do ventr??culo esquerdo e ??reas levemente p??lidas no septo interventricular e em por????es do mioc??rdio dos ventr??culos. Na histologia, havia necrose de coagula????o de fibras card??acas individuais e de pequenos agrupamentos, caracterizada por aumento de eosinofilia citoplasm??tica e n??cleos picn??ticos. Essas les??es eram mais acentuadas no m??sculo papilar. O diagn??stico foi fundamentado na presen??a da planta no potreiro onde estavam os animais, quadro cl??nico-patol??gico compat??vel e reprodu????o experimental em dois bovinos nas doses de 0,5 e 1,0g/kg de folhas frescas da planta. aBovino aIntoxica????o por planta ornamental aLes??o card??aca aNerium oleander1 aBANDARRA, P. M.1 aBEZERRA J??NIOR, P. S.1 aRAYMUNDO, D. L.1 aBORBA, M. R.1 aLEAL, J. S.1 aDRIEMEIER, D. tPesquisa Veterin??ria Brasileira, Rio de Janeirogv. 29, n. 5, p. 404-408, maio 2009.